Foundation of Muslim rule in India (Record no. 1368297)

MARC details
000 -LEADER
fixed length control field 00651nam a2200205Ia 4500
005 - DATE AND TIME OF LATEST TRANSACTION
control field 20250508161057.0
008 - FIXED-LENGTH DATA ELEMENTS--GENERAL INFORMATION
fixed length control field 008 250505s9999 xx 000 0 eng d
037 ## - SOURCE OF ACQUISITION
Stock number Textual
040 ## - CATALOGING SOURCE
Original cataloging agency FEDL
Language of cataloging eng
Transcribing agency FEDL
041 ## - LANGUAGE CODE
Language code of text/sound track or separate title eng
Source of code eng
084 ## - COLON CLASSIFICATION NUMBER
Classification number 954.02, HAB
Assigning agency FEDL
100 ## - MAIN ENTRY--PERSONAL NAME
Personal name Habibullah A B M
245 #0 - TITLE STATEMENT
Title Foundation of Muslim rule in India
250 ## - EDITION STATEMENT
Edition statement 3rd Rev. Edition
260 ## - PUBLICATION, DISTRIBUTION, ETC.
Place of publication, distribution, etc. Allahabad, India
Name of publisher, distributor, etc. Central Book Depot
Date of publication, distribution, etc. 1976
300 ## - PHYSICAL DESCRIPTION
Extent xvi,329p
546 ## - LANGUAGE NOTE
Language note A history of the Establishment and progress of the Turkish Sultanate of Delhi: 1206-1290 A. D.
942 ## - ADDED ENTRY ELEMENTS (KOHA)
Koha item type Textual
Classification part 954.02, HAB
Holdings
Withdrawn status Lost status Damaged status Not for loan Home library Current library Date acquired Total Checkouts Full call number Barcode Date last seen Price effective from Koha item type
        Department of Education Library Department of Education Library 2025-05-08   954.02, HAB EL0055475 2025-05-08 2025-05-08 Textual
Copyright @ Delhi University Library System